A brief course of higher mathematics (Record no. 10524)

MARC details
000 -LEADER
fixed length control field 00548nam a2200181Ia 4500
003 - CONTROL NUMBER IDENTIFIER
control field IN-BaIIA
008 - FIXED-LENGTH DATA ELEMENTS--GENERAL INFORMATION
fixed length control field 211028s9999 xx 000 0 eng d
040 ## - CATALOGING SOURCE
Transcribing agency IIA Library
080 ## - UNIVERSAL DECIMAL CLASSIFICATION NUMBER
Universal Decimal Classification number 511
Item number KUD
100 ## - MAIN ENTRY--PERSONAL NAME
Personal name Kudryavtsev, V. A.
9 (RLIN) 17895
245 #2 - TITLE STATEMENT
Title A brief course of higher mathematics
Statement of responsibility, etc. V. A. Kudryavtsev and B. P. Demidovich
260 ## - PUBLICATION, DISTRIBUTION, ETC.
Place of publication, distribution, etc. Moscow
Name of publisher, distributor, etc. MIR Publishers
Date of publication, distribution, etc. 1984
300 ## - PHYSICAL DESCRIPTION
Extent 693p.
650 ## - SUBJECT ADDED ENTRY--TOPICAL TERM
Topical term or geographic name entry element Mathematics
9 (RLIN) 82
650 ## - SUBJECT ADDED ENTRY--TOPICAL TERM
Topical term or geographic name entry element NASA Thesaurus
700 ## - ADDED ENTRY--PERSONAL NAME
Personal name Demidovich, B. P.
9 (RLIN) 14118
942 ## - ADDED ENTRY ELEMENTS (KOHA)
Koha item type Books
Holdings
Withdrawn status Lost status Damaged status Not for loan Home library Current library Shelving location Date acquired Total Checkouts Full call number Barcode Date last seen Price effective from Koha item type
        IIA Library-Bangalore IIA Library-Kodaikanal General Stacks 19/12/1992   511/ KUD 11435 05/11/2021 19/12/1992 Books

Powered by Koha